| 000 | 007420000a22002170004500 | ||
|---|---|---|---|
| 020 | _a84-7057-224-5 | ||
| 041 | 0 | _aSPA | |
| 082 | 0 | 4 | _aG 230.04 K9646t |
| 100 | 1 | _aKüng, Hans (1928-) | |
| 245 | 1 | 0 | _a20 Tesis sobre ser cristiano / Hans Küng ; José María Bravo Navalpotro, Traductor |
| 250 | _a2 | ||
| 260 | _aMadrid, España : Cristiandad | ||
| 300 | _a96 Pag | ||
| 500 | _aTítulo original de los dos trabajos aquí publicados : 20 Thesen zum christsein & 16 thesen zur stellung der frau in kirche und gesellschaft | ||
| 650 | 1 | 4 | _aJESUCRISTO \ VIDA CRISTIANA - AUTORES CATOLICOS |
| 001 | 3451 | ||
| 942 | _cBK | ||
| 999 |
_c34116 _d34116 |
||
| 336 |
_atexto _btxt _2rdacontent |
||
| 337 |
_2rdamedia _asin mediación _bn |
||
| 338 |
_2rdacarrier _avolumen _bnc |
||